Statistiques concernant Culture Générale - Série 780

Cliquez ici pour prendre le quiz!

Statistiques générales

  • Ce quiz a été pris 72 fois
  • Le résultat moyen est 7 sur 10

Statistiques - réponses

QuestionRéponse% Correct
Dans quel sport américain, peut-on faire un strike en renversant 10 quilles avec une boule ?bowling
100%
Quel gros véhicule peut être "citerne", "benne", "frigorifique" ou "de déménagement" ?camion
97%
De quelle nationalité est le champion de Formule 1, Michael Schumacher ?Allemande
94%
Quel astre Amel Bent veut-elle viser dans sa chanson "Ma Philosophie" ?lune
93%
Dans la famille Brasseur, célèbre lignée d'acteurs, quel est le prénom du fils de Pierre et père d'Alexandre ?Claude
87%
Si primo signifie premièrement et secundo deuxièmement, quel adverbe signifie troisièmement ?tertio
84%
Quelle institution judiciaire, créée au XIIIe siècle par la papauté, était chargée de lutter contre l'hérésie ?Inquisition
57%
Comment appelle-t-on plus couramment "l'exocet" ?poisson volant
39%
Objet magique qui porterait des vertus occultes attirant des influences bénéfiques.talisman
33%
Comment nomme-t-on également l'oie "outarde" ?bernache
19%

Distribution des résultats

Percentile par nombre de réponses

% des personnes avec chaque résultat

Votre développement - résultats

Vous n’avez pas pris ce quiz